Ministry of home affairs: function and problems (Record no. 501585)

000 -LEADER
fixed length control field 00435cam a22001337a 4500
008 - FIXED-LENGTH DATA ELEMENTS--GENERAL INFORMATION
fixed length control field 180718b1973 xxu||||| |||| 00| 0 eng d
082 ## - DEWEY DECIMAL CLASSIFICATION NUMBER
Classification number N200x52 L786
245 ## - TITLE STATEMENT
Title Ministry of home affairs: function and problems
Statement of responsibility, etc. by Local Autonomy College
260 ## - PUBLICATION, DISTRIBUTION, ETC.
Place of publication, distribution, etc. Tokyo
Name of publisher, distributor, etc. Local Autonomy College
Date of publication, distribution, etc. 1973
300 ## - PHYSICAL DESCRIPTION
Extent 26p.
440 ## - SERIES STATEMENT/ADDED ENTRY--TITLE
Title Function of Local Government
650 ## - SUBJECT ADDED ENTRY--TOPICAL TERM
Topical term or geographic name entry element Ministry of home affairs --Japan
700 ## - ADDED ENTRY--PERSONAL NAME
Personal name Local Autonomy College
Holdings
Withdrawn status Lost status Damaged status Not for loan Permanent Location Current Location Date acquired Full call number Barcode Date last seen Price effective from Koha item type
        Indian Institute of Public Administration Indian Institute of Public Administration 2018-08-04 N200x52 L786 GR9618 2018-08-04 2018-08-04 GR

Powered by Koha